[Event "NEP-ch Seniors 5th"]
[Site "Kathmandu"]
[Date "2022.11.07"]
[Round "6"]
[White "Chhetri, Ram Bahadur"]
[Black "Shrestha, Janardan"]
[Result "0-1"]
[WhiteElo "1825"]
[BlackElo "1873"]
[PlyCount "148"]
[EventDate "2022.11.05"]
[EventType "swiss"]
[EventRounds "7"]
[EventCountry "NEP"]
[SourceTitle "CBM 211 Extra"]
[Source "ChessBase"]
[SourceDate "2023.01.31"]
[SourceVersion "1"]
[SourceVersionDate "2023.01.31"]
[SourceQuality "1"]

1. d4 d5 2. Nf3 Nf6 3. c4 e6 4. Nc3 c6 5. e3 Bd6 6. cxd5 exd5 7. Bd3 0-0 8. 0-0 Nbd7 9. Bd2 Re8 10. Rc1 Nf8 11. Qc2 Bg4 12. Be2 Qd7 13. Ne1 Ng6 14. f3 Bf5 15. Bd3 Bxd3 16. Nxd3 Re7 17. Nf2 Rae8 18. Rfe1 Qc7 19. h3 Bh2+ 20. Kf1 Nh5 21. Nh1 Ng3+ 22. Nxg3 Bxg3 23. Re2 h6 24. Qf5 Qd6 25. a3 Re6 26. f4 Bh4 27. Qg4 Bd8 28. Kg1 Bc7 29. g3 Ne7 30. Kg2 Rg6 31. Qh5 Qd7 32. Rf1 Nf5 33. Rf3 Nd6 34. Kh2 Qe7 35. Be1 Ne4 36. Nd1 Qd7 37. Rf1 Kh7 38. Rg2 f5 39. Nf2 Nf6 40. Qf3 Qe6 41. Bd2 Ne4 42. Nd3 Nxd2 43. Rxd2 Qxe3 44. Qxe3 Rxe3 45. Rg1 Ba5 46. Rdd1 Rge6 47. Ne5 Bc7 48. Rg2 Bxe5 49. fxe5 g5 50. Rf2 Kg6 51. Rdf1 Rd3 52. Rxf5 Rxd4 53. Rf6+ Rxf6 54. Rxf6+ Kg7 55. Rd6 Rd2+ 56. Kg1 Rxb2 57. Rd7+ Kf8 58. e6 Ke8 59. Rh7 c5 60. a4 c4 61. Rc7 a5 62. Rc5 Rd2 63. Rc7 Rd3 64. Kf2 c3 65. Rxb7 Rd2+ 66. Ke3 d4+ 67. Ke4 d3 68. Kd5 Rb2 69. Rh7 d2 70. Rh8+ Ke7 71. Rh7+ Kf6 72. Rf7+ Kg6 73. Rf1 c2 74. e7 d1Q+ 0-1

[Event "NEP-ch Seniors 5th"]
[Site "Kathmandu"]
[Date "2022.11.06"]
[Round "3"]
[White "Chhetri, Ram Bahadur"]
[Black "Nepali, Badrilal"]
[Result "1/2-1/2"]
[WhiteElo "1825"]
[BlackElo "1945"]
[PlyCount "177"]
[EventDate "2022.11.05"]
[EventType "swiss"]
[EventRounds "7"]
[EventCountry "NEP"]
[SourceTitle "CBM 211 Extra"]
[Source "ChessBase"]
[SourceDate "2023.01.31"]
[SourceVersion "1"]
[SourceVersionDate "2023.01.31"]
[SourceQuality "1"]

1. d4 Nf6 2. c4 c5 3. d5 e6 4. Nc3 exd5 5. cxd5 d6 6. Nf3 g6 7. e4 Bg7 8. Be2 0-0 9. 0-0 a6 10. a4 Bg4 11. h3 Bxf3 12. Bxf3 Nbd7 13. a5 Re8 14. Bf4 Ne5 15. Be2 Rb8 16. Bxe5 Rxe5 17. f4 Re8 18. Qc2 Qc7 19. Rfe1 Nd7 20. Bg4 b5 21. axb6 Rxb6 22. Bxd7 Qxd7 23. Kh2 h5 24. Ra4 Reb8 25. Ra2 Qb7 26. Re2 Qe7 27. Qd3 Qf6 28. Qg3 Bh6 29. Rf2 Bg7 30. Qf3 c4 31. Rd2 Qe7 32. Qe2 Bh6 33. Qf3 Qa7 34. Re2 Rb3 35. e5 Qd4 36. g3 dxe5 37. fxe5 Qd3 38. Kg2 Bg7 39. d6 Re8 40. Rxa6 Qd4 41. d7 Qxd7 42. Rd6 Qa7 43. Qd5 Qa8 44. Qxa8 Rxa8 45. Rc6 Rab8 46. Nd1 Rd3 47. Nc3 Re8 48. Rc5 Rd4 49. Nb5 Rd3 50. Nc7 Rc8 51. Rc2 Bxe5 52. Rxe5 Rxc7 53. Re4 c3 54. bxc3 Rcxc3 55. Rxc3 Rxc3 56. Re2 Kg7 57. h4 f5 58. Re6 Kf7 59. Ra6 Re3 60. Kf2 Re6 61. Ra8 Kf6 62. Rf8+ Ke5 63. Kf3 Rd6 64. Re8+ Kf6 65. Rf8+ Kg7 66. Re8 Rd4 67. Re7+ Kf6 68. Re8 Rg4 69. Ra8 Kg7 70. Rb8 f4 71. gxf4 Rxh4 72. Rb5 Rh1 73. Kg2 Re1 74. Kg3 Kf6 75. Rb6+ Re6 76. Rb5 Re3+ 77. Kf2 Rc3 78. Ra5 h4 79. Kg2 h3+ 80. Kh2 Rf3 81. Rb5 Rxf4 82. Kxh3 g5 83. Kg3 Ra4 84. Rc5 Kg6 85. Rc6+ Kh5 86. Rc3 Rg4+ 87. Kh3 Rg1 88. Kh2 Re1 89. Kg3 1/2-1/2

[Event "Asian-ch Seniors 50"]
[Site "Chess.com INT"]
[Date "2020.07.21"]
[Round "5.4"]
[White "Chhetri, Ram Bahadur"]
[Black "Duneas, John"]
[Result "1-0"]
[WhiteElo "1845"]
[BlackElo "2006"]
[PlyCount "129"]
[EventDate "2020.07.21"]
[EventType "swiss"]
[EventRounds "9"]
[EventCountry "UAE"]
[SourceTitle "EXT 2024"]
[Source "ChessBase"]
[SourceDate "2023.10.10"]
[SourceVersion "1"]
[SourceVersionDate "2023.10.10"]
[SourceQuality "1"]

1. Nf3 e6 2. g3 f5 3. d4 Nf6 4. Bg2 d5 5. 0-0 Bd6 6. b3 Qe7 7. Bg5 0-0 8. Nc3 c6 9. e3 Nbd7 10. Qd3 h6 11. Bf4 Bxf4 12. exf4 Ne4 13. Rfe1 b6 14. Re3 a5 15. Rae1 Ba6 16. Qd1 Rac8 17. Qc1 c5 18. Qa3 Qd6 19. Ne2 Ndf6 20. Ne5 Bxe2 21. Bxe4 dxe4 22. dxc5 Qxc5 23. Qxc5 Rxc5 24. R3xe2 Rfc8 25. c4 b5 26. Rc2 bxc4 27. Rxc4 Rxc4 28. Nxc4 Rc5 29. Rc1 Nd5 30. Kf1 Nb4 31. a3 Nd3 32. Rc2 g5 33. Ke2 gxf4 34. gxf4 Nxf4+ 35. Ke3 Nd3 36. Kd4 Rd5+ 37. Ke3 Kf7 38. Rc3 Kf6 39. f3 Nc5 40. Nb6 Rd6 41. Nc4 Ra6 42. Kd4 Nd7 43. fxe4 e5+ 44. Kd5 f4 45. Nd6 Nb6+ 46. Kc5 Nd7+ 47. Kd5 Nb6+ 48. Kc5 Ke6 49. Nf5 Nd7+ 50. Kb5 Ra8 51. Rc6+ Kf7 52. Nxh6+ Ke8 53. Re6+ Kf8 54. Kc6 Ra7 55. Kd6 Nb8 56. Kxe5 Kg7 57. Nf5+ Kf7 58. Rf6+ Kg8 59. Kxf4 Nd7 60. Rg6+ Kf8 61. e5 Rb7 62. e6 Nc5 63. Rf6+ Ke8 64. Nd6+ Ke7 65. Nxb7 1-0

[Event "Asian-ch Seniors 50"]
[Site "Chess.com INT"]
[Date "2020.07.21"]
[Round "3.5"]
[White "Chhetri, Ram Bahadur"]
[Black "Mohammed Ali, Madial Kinani"]
[Result "1-0"]
[WhiteElo "1845"]
[BlackElo "2094"]
[PlyCount "95"]
[EventDate "2020.07.21"]
[EventType "swiss"]
[EventRounds "9"]
[EventCountry "UAE"]
[SourceTitle "EXT 2024"]
[Source "ChessBase"]
[SourceDate "2023.10.10"]
[SourceVersion "1"]
[SourceVersionDate "2023.10.10"]
[SourceQuality "1"]

1. Nf3 d5 2. g3 Bf5 3. Bg2 e6 4. d4 h6 5. 0-0 Nf6 6. c4 c6 7. Qb3 Qb6 8. Qxb6 axb6 9. cxd5 exd5 10. Bf4 Nbd7 11. Nc3 Bb4 12. Rfc1 0-0 13. a3 Bxc3 14. Rxc3 b5 15. Rcc1 Rfe8 16. e3 Nb6 17. Nh4 Bh7 18. b3 Ra6 19. Bd6 g5 20. Nf3 Ne4 21. Bb4 Nd7 22. h3 Raa8 23. Ra2 Nb8 24. Ne5 f6 25. Nf3 Na6 26. Be1 Nc7 27. Bb4 Na6 28. Be1 Rf8 29. Rb2 Nc7 30. Bb4 Rf7 31. Rbc2 Na6 32. Be1 Nb8 33. Ra2 Nd7 34. Bb4 f5 35. Nh2 Ndf6 36. Nf3 f4 37. gxf4 gxf4 38. Ne5 Rg7 39. exf4 Nh5 40. Ng4 Nxf4 41. Nxh6+ Kh8 42. Ng4 Rag8 43. f3 Ng3 44. Rd1 Bf5 45. Rdd2 Re8 46. Bd6 Bxg4 47. hxg4 Rh7 48. Bxf4 1-0

[Event "Asian-ch Seniors 50 zt 3.2"]
[Site "Chess.com INT"]
[Date "2020.07.17"]
[Round "3.5"]
[White "Chhetri, Ram Bahadur"]
[Black "Nadeem, Aziz"]
[Result "1-0"]
[WhiteElo "1845"]
[BlackElo "1797"]
[PlyCount "127"]
[EventDate "2020.07.17"]
[EventType "swiss (blitz)"]
[EventRounds "7"]
[EventCountry "BAN"]
[SourceTitle "EXT 2024"]
[Source "ChessBase"]
[SourceDate "2023.10.10"]
[SourceVersion "1"]
[SourceVersionDate "2023.10.10"]
[SourceQuality "1"]

1. d4 Nf6 2. Nf3 e6 3. g3 d5 4. Bg2 Bd6 5. 0-0 0-0 6. Nc3 a6 7. Bg5 Nbd7 8. e4 dxe4 9. Nxe4 Be7 10. Nxf6+ Nxf6 11. Ne5 h6 12. Be3 Nd5 13. Bd2 c6 14. c3 Bd7 15. Re1 c5 16. dxc5 Bxc5 17. c4 Nf6 18. Nd3 Qc7 19. Bf4 Qb6 20. Nxc5 Qxc5 21. Bxb7 Rad8 22. Bd6 Qb6 23. Bxf8 Qxb7 24. Be7 Rc8 25. Bxf6 gxf6 26. Qg4+ Kf8 27. Qd4 e5 28. Qh4 Kg7 29. Rad1 Be6 30. b3 a5 31. Rd3 a4 32. Rc1 axb3 33. axb3 Qb4 34. Qh5 Ra8 35. Qe2 Bf5 36. Re3 Qb7 37. c5 Rc8 38. Rec3 Qc6 39. f3 e4 40. fxe4 Bxe4 41. Qe3 f5 42. Ra1 Rd8 43. b4 Rb8 44. Qd4+ f6 45. Ra7+ Kg6 46. Rd7 Bh1 47. Rc2 Rf8 48. Rd6 Qf3 49. Qf2 Qb7 50. b5 Be4 51. Rb2 Rc8 52. c6 Qc7 53. Qd4 Ra8 54. b6 Ra1+ 55. Kf2 Qf7 56. c7 Rh1 57. Rd2 Rxh2+ 58. Kf1 Rh1+ 59. Ke2 Rh2+ 60. Ke3 Qb3+ 61. Rd3 Qb1 62. Qxf6+ Kh5 63. Qxh6+ Kg4 64. Rg6# 1-0

[Event "Kathmandu op"]
[Site "Kathmandu"]
[Date "2018.04.16"]
[Round "7"]
[White "Chhetri, Ram Bahadur"]
[Black "Kaustuv, Kundu"]
[Result "0-1"]
[WhiteElo "1994"]
[BlackElo "2381"]
[PlyCount "124"]
[EventDate "2018.04.13"]
[EventType "swiss"]
[EventRounds "9"]
[EventCountry "NEP"]
[SourceTitle "CBM 183 Extra"]
[Source "ChessBase"]
[SourceDate "2018.04.19"]
[SourceVersion "1"]
[SourceVersionDate "2018.04.19"]
[SourceQuality "1"]

1. e4 c5 2. Nf3 e6 3. c4 Nc6 4. d4 cxd4 5. Nxd4 Nf6 6. Nc3 Bb4 7. Nxc6 bxc6 8. Bd3 e5 9. 0-0 0-0 10. f4 d6 11. Kh1 Ng4 12. Qe1 exf4 13. Bxf4 Ne5 14. Be2 Be6 15. a3 Ba5 16. c5 Bc7 17. Rd1 Qe7 18. cxd6 Bxd6 19. Qg3 f6 20. h4 Kh8 21. b4 a5 22. b5 cxb5 23. Nxb5 Bc5 24. Rc1 a4 25. Rc3 Ng6 26. Bc1 Bb3 27. h5 Ne5 28. Bf4 Nf7 29. Rfc1 Bxa3 30. Rc7 Qb4 31. Bd6 Qxd6 32. Nxd6 Bxd6 33. Qg4 Bxc7 34. Rxc7 Rg8 35. Qf3 Ne5 36. Qf5 h6 37. Qh3 a3 38. Rc1 a2 39. Qxb3 a1Q 40. Rxa1 Rxa1+ 41. Kh2 Rga8 42. Qe6 R1a2 43. Bc4 Nxc4 44. Qxc4 R2a5 45. Qf7 Re5 46. g4 Rxe4 47. Kg3 Raa4 48. Kh3 Rxg4 49. Qd7 Raf4 50. Qd3 Rg5 51. Qd8+ Kh7 52. Qd3+ f5 53. Qe2 Rfg4 54. Qe8 Re4 55. Qf7 f4 56. Kh2 f3 57. Kh3 Re3 58. Kh4 Re2 59. Kh3 f2 60. Qf8 Re1 61. Kh2 f1N+ 62. Kh3 Rg3+ 0-1